56个兄弟姐妹是一家——中国的民族Nationalities in China - Statistics

General Stats
  • This quiz has been taken 799 times
  • The average score is 27 of 58
Answer Stats
人口/人 其他提示 民族 % Correct
128631万 唯一一个非少数民族 汉族
99%
1177万 新疆的主要少数民族 维吾尔族
95%
144350万 统称(升华) 中华民族
91%
1957万 人口最多的少数民族 壮族
90%
1042万 清朝的贵族,主要分布在华北和东北的少数民族 满族
90%
629万 马背上的民族 蒙古族
87%
1138万 全国多数地区广泛分布的少数民族 回族
86%
1107万 贵州南部三个自治州名称中均有这个少数民族 苗族
78%
133万 以泼水节为新年的少数民族。以这个民族为主体民族的国家不是中国的邻国 傣族
75%
959万 被误认为会做酱香饼的少数民族 土家族
72%
156万 以这个民族为主体民族的国家是最大的内陆国 哈萨克族
71%
170万 聚居在吉林省东部的少数民族 朝鲜族
70%
706万 聚居在“亚洲水塔”上的少数民族 藏族
69%
约3400 台湾省众多少数民族的统称 高山族
69%
983万 主要分布在川南、滇北的少数民族。有自治州,州庆是10月1日 彝族
67%
64万 这64万人是未识别民族,答案直接写“未识别民族”就好 未识别民族
65%
209万 聚居在大理州的少数民族 白族
62%
160万 聚居在海南岛的少数民族 黎族
61%
76万 ♪我是云南的,云南怒江的♪ 傈僳族
60%
75万 唯一一个聚居在东南沿海省份的少数民族 畲族
48%
350万 聚居在粤湘贵交界的少数民族,音乐文化是“大歌” 侗族
46%
358万 聚居在黔滇桂交界的少数民族 布依族
45%
约7300 依高黎贡山,傍独龙江的民族 独龙族
45%
31万 聚居在川西北的少数民族 羌族
40%
1.6万 主要分布在新疆北部、黑龙江北部的少数民族 俄罗斯族
40%
20万 中国境外译为“吉尔吉斯族”的少数民族 柯尔克孜族
39%
2.6万 聚居在基诺山的少数民族 基诺族
39%
16万 有且仅有一个本民族自治州——德宏州的少数民族 景颇族
38%
1.1万 这个民族名称意思是“生活在门隅的人” 门巴族
36%
5.1万 塔什库尔干县全名中的少数民族 塔吉克族
33%
约9200 这个民族的自治旗全名是民族名称(去掉“族”字)直接加自治旗三个字 鄂伦春族
33%
77万 这个民族在甘肃有一个自治县,全名是这个民族名直接加自治县三个字 东乡族
32%
1.3万 中国境外译为“乌兹别克族”的少数民族 乌孜别克族
32%
331万 自称“勉”或“门”的少数民族 瑶族
31%
28万 聚居在青海省东北部的少数民族 土族
31%
13万 莫力达瓦旗全名中的少数民族 达斡尔族
31%
3.6万 怒江州另一个主要民族 怒族
31%
3.5万 这个民族的自治旗全名是民族名称直接加自治旗三个字 鄂温克族
31%
3.3万 聚居在东兴市江平镇的澫尾、山心、巫头三个海岛上的少数民族 京族
30%
2.4万 这个民族唯一的自治县是积石山县 保安族
30%
约4200 “亚洲水塔”上的民族对这个民族的称呼意为“南方人” 珞巴族
30%
32万 玉龙县全名中的少数民族 纳西族
29%
约3500 中国境外译为“鞑靼族”的少数民族 塔塔尔族
29%
173万 做红米饭的少数民族 哈尼族
27%
68万 聚居在贵州省北部的少数民族,有两个自治县 仡佬族
27%
17万 循化县全名中的少数民族 撒拉族
27%
19万 察布查尔县全名中的少数民族 锡伯族
26%
1.5万 肃南县全名中的少数民族 裕固族
26%
约5400 主要分布在三江平原和完达山的少数民族 赫哲族
26%
50万 发源于睢水,自称“睢”的少数民族 水族
25%
50万 双江县全名中第一个登场的民族 拉祜族
24%
43万 双江县全名中第二个登场的民族 佤族
24%
12万 环江县全名中的少数民族 毛南族
24%
28万 多数族人自称“伶”的少数民族,罗城县全名中的少数民族 仫佬族
23%
13万 双江县全名中第三个登场的民族 布朗族
22%
4.5万 兰坪县全名中第二个登场的民族 普米族
22%
4.4万 这个民族最著名的文学作品是神话史诗《遮帕麻与遮米麻》 阿昌族
18%
2.2万 主要分布在省德宏州、保山市、临沧市的少数民族 德昂族
15%
No matching quizzes found
Score Distribution
Percent of People with Each Score
Percentile by Number Answered
Your Score History
You have not taken this quiz